000 00691nam a2200253Ia 4500
003 OSt
005 20220918163735.0
006 a|||||r|||| 00| 0
007 ta
008 220917b |||||||| |||| 00| 0 eng d
020 _a0226772608
024 _a31,166
037 _cTextual
040 _aARTS
_cARTS
_beng
041 _2eng
_aeng
082 _aO111,6J61:g(A), L5
100 _aStephens James
_914963
245 0 _aFrancis Bacon and the style of scenes
260 _aChicago
_bUniv Of Chicago Press
_c1975
300 _axi,188p.
_ccm.
650 _aENGLISH LITERATURE
942 _hO111,6J61:g(A), L5
_cTEXL
_2CC
999 _c121170
_d121170